000 02010nam a2200229Ia 4500
003 Ost
005 20260507074845.0
008 260507s9999||||xx |||||||||||||| ||und||
020 _a91060699319
040 _cfsecg
041 _aara
082 _a330
100 _aغويني، العربي
_eمؤلف
245 0 _aالواجبات الاقصادية للدولة في ظل المستجدات العالمية /
_c العربي غويني
260 _aالجزائر:
_bالمكتب الجامعي الحديث,
_c2016
300 _a206 صفحة؛
_bجداول
_c23 سم
504 _aبيبليوغرافيا ص. 197
520 _aاستهل المؤلف كتابه بتوطئة على مراحل تطور الاقتصاد الجزائري ثم تكلم في المحور الاول على واجبات الدولة الاقتصادية في الفكر الاقتصادي ، واجبات الدولة الاقتصادية في الفكر الاقتصادي الاسلامي والاشتراكي ،في الفكر الرأس مالي، في فكر الطريق الثالث وفي المحور الثانب تحدث عن واقع الاقتصاد الجزائري وحقيقة التحولات الراهنة ، واقع الاقتصاد الجزائري من خلال الاحصائيات والمؤشرات ، التحولات افلراهنة في العالم وأثرها على الاقتصاد الجزائري ، الحلول المقترحة ، الدور الاقتصادي الجديد للدولة ، عناصر التحول في دور الدولة ، اصلاح بيئة المؤسسة للاعمال وتنافسية الاقتصاد الجزائري ، النموذج المقترح لاصلاح النظام المالي "المصرفي الضريبي والتجاري الجزائر "، استراتجية الشراكة بين القطاع الحكومي والقطاع الخاص .
653 _aالاقتصاد
653 _aالجزائر -اقتصاد
942 _cكتاب
999 _c41532
_d41532